| 000 | 01566nam0a22003731 4500 | ||
|---|---|---|---|
| 001 | v19\rc\1896879 | ||
| 005 | 20260406150947.0 | ||
| 035 | _a(NLR Aleph) 004982992 | ||
| 090 |
_a6204993 _c6204993 |
||
| 100 | _a20080221d1911 u y0rusy50 ca | ||
| 101 | 0 | _arus | |
| 102 | _aRU | ||
| 105 | _ay z |||a| | ||
| 200 | 1 |
_a1812 год в русской поэзии _eСб. стихотворений и песен (ист. и воен.), посвящ. Отеч. войне, Александру I и Наполеону _fДля учащихся сост. К.В. Елпатьевский |
|
| 210 |
_aСанкт-Петербург _cтип. М.М. Стасюлевича _d1911 |
||
| 215 |
_aVI, 110 с. _d25 |
||
| 532 | 1 | 1 | _aТысяча восемьсот двенадцатый год в русской поэзии |
| 700 | 1 |
_aЕлпатьевский _bК. В. _f1854- _gКонстантин Васильевич _4220 |
|
| 702 | 0 |
_4570 _8rus _7ca _aАлександр _cимператор российский _dI _f1777-1825 _3RU\NLR\AUTH\775342 _9115306 |
|
| 702 | 0 |
_4570 _8rus _7ca _aНаполеон _cимператор французский _dI _f1769-1821 _3RU\NLR\AUTH\772913 _9112920 |
|
| 801 | 0 |
_aRU _bNLR _gpsbo |
|
| 801 | 0 |
_aRU _bRuMoRGB _2psbo |
|
| 801 | 1 |
_aRU _bProSoft-M _2rusmarc |
|
| 852 |
_aNLR _j18.83.2.47 |
||
| 899 |
_aRuMoRGB _jU 83/206 |
||
| 899 |
_aRuMoRGB _jB 57/104 |
||
| 899 |
_aRuMoRGB _jO 46/397 |
||
| 899 | _aБАН | ||
| 899 | _aНБ СПбГУ | ||
| 899 | _aГПИБ | ||
| 899 | _aНБ МГУ | ||
| 942 | _cBOOK | ||
| 980 | _aNB | ||